| 000 | 00513nam a2200169 4500 | ||
|---|---|---|---|
| 001 | 148044 | ||
| 003 | ES-MaACL | ||
| 005 | 20230906202410.0 | ||
| 007 | t| | ||
| 008 | 070214s1948 it r ||||1| ita d | ||
| 100 | 1 |
_aSpring, Howard. _9107805 |
|
| 245 | 1 | 0 |
_aDunkerley / _cHoward Spring ; unica traduzione autorizzata dall'inglese di Olga Ceretti. |
| 260 |
_aMilano : _bAldo Martello, _c1948. |
||
| 300 |
_a336 p. : _bil. ; _c22 cm. |
||
| 700 | 1 |
_aCeretti, Olga. _937491 |
|
| 852 |
_aES-MaACL _jB-12780 _bR.28719 |
||
| 999 |
_c148044 _d148044 |
||